| 000 | 00588nam a22001577a 4500 | ||
|---|---|---|---|
| 082 | _a200 | ||
| 100 | _aIlyas, Usman | ||
| 245 |
_aProgressive Collapse of Reinforced Concrete Frame Structure Under, Column Damage Consideration / _cUsman Ilyas |
||
| 260 |
_aIslamabad : _bMCE - NUST, _c2014. |
||
| 300 |
_a115 p. ; _c30cm. |
||
| 650 |
_aMS-Construction Engineering and Management _9126573 |
||
| 700 |
_aSupervisor. Syed Hassan Farooq _9126705 |
||
| 856 | _uhttp://10.250.8.41:8080/xmlui/handle/123456789/41100 | ||
| 942 |
_2ddc _cSC |
||
| 999 |
_c536175 _d536175 |
||